00270 a2200109 4500001000700000040003500007100001900042240004200061245003700103362000900140440001100149153694 cEscola São Tomás de Aquino aRIBEIRO, Jonas10aQuer conhecer meus dinossauros ?lpor10aQuer conhecer meus dinossauros ?0 a2011 1aFranco